Aplikácia na riešenie sústavy lineárnych rovníc v jazyku C

Saved in:
Bibliographic Details
Main Author: Csalava, Denis (Author)
Other Authors: Vrábeľ, Róbert (Thesis advisor)
Format: Manuscript Book
Language:Slovak
Published: 2021
Subjects:
Online Access:http://is.stuba.sk/zp/portal_zp.pl?podrobnosti=148680
Tags: Add Tag
No Tags, Be the first to tag this record!

MARC

LEADER 00000ntm a22000003a 4500
001 stuzp82524
003 SK-STU
005 20210703211152.3
007 ta
008 150427s2015----xo-----f-mn---000-0-slo-d
040 |a STU  |b slo 
041 0 |a slo 
100 1 |a Csalava, Denis  |u 066000  |4 aut  |U MTF Materiálovotechnologická fakulta  |T MTF Ústav aplikovanej informatiky, automatizácie a mechatroniky  |X 97164  |U M6000  |Y 86  |7 97164 
242 0 1 |a Program to solve a system of linear equations in C  |y eng 
245 1 0 |a Aplikácia na riešenie sústavy lineárnych rovníc v jazyku C 
260 |c 2021 
650 4 |a diagram  |2 slo 
650 4 |a jazyk C  |2 slo 
650 4 |a funkcia  |2 slo 
650 4 |a C language  |2 eng 
650 4 |a function  |2 eng 
650 4 |a diagram  |2 eng 
700 1 |a Vrábeľ, Róbert  |u 066000  |k Z1  |4 ths  |U MTF Materiálovotechnologická fakulta  |T MTF Ústav aplikovanej informatiky, automatizácie a mechatroniky  |X 2758  |U M6000  |Y 86  |7 A000002758 
856 4 |u http://is.stuba.sk/zp/portal_zp.pl?podrobnosti=148680 
996 |c M* BP-9050  |l MMSKP  |s P  |a 0  |w stuzp82524_0001